Вып. 24; Записки по гидрографии

Opis bibliograficzny
Parent link:Записки по гидрографии: [научный журнал]/ Российская империя, Главное гидрографическое управление (ГГУ). Вып. 24.— , 1902-
Język:rosyjski
Wydane: 1902
Format: MixedMaterials Książka
KOHA link:https://koha.lib.tpu.ru/cgi-bin/koha/opac-detail.pl?biblionumber=581629

MARC

LEADER 00000nam2a2200000 4500
001 581629
005 20231101130720.0
035 |a (RuTPU)RU\TPU\prd\281806 
035 |a RU\TPU\prd\226495 
090 |a 581629 
100 |a 20181217a19029999k y0rusy50 ca 
101 0 |a rus 
102 |a RU 
200 0 |a Вып. 24 
210 |d 1902 
461 1 |0 (RuTPU)RU\TPU\prd\187  |t Записки по гидрографии  |o [научный журнал]  |f Российская империя, Главное гидрографическое управление (ГГУ)  |v Вып. 24  |d 1902-  
801 0 |a RU  |b 63413507  |c 20010227  |g PSBO 
801 1 |a RU  |b 63413507  |c 20141126 
801 2 |a RU  |b 63413507  |c 20181217  |g RCR 
942 |c BK 
999 |a НТБ_ТПУ  |b НФ  |e -9/20180109  |p П-917  |u 0,00  |v 1